000 00781nas a2200265 4500
001 BR0803635
003 BR-BrBNA
005 20231205112318.0
007 ta
008 230509b bl.|||p| |||| 00| 00por d
040 _aBR-BrBNA
_bpor
_cBiblioteca Nacional de Agricultura
041 _a(Pt)
072 _aF02
100 1 _aLima, R.V.
100 1 _aLopes, J.C.
100 1 _aCoelho, R.I.
245 1 _aGerminação de sementes de urucu em diferentes temperaturas e substratos
650 _aURUCUM
650 _aSEMENTE
650 _aGERMINAÇÃO
650 _aSUBSTRATO DE CULTURA
773 0 _tCiência e Agrotecnologia (Brazil)
_xISSN 1413-7054
_g(Jul-Aug 2007), v. 31(4) p. 1219-1224
_wBR0803635
909 _a202311
_bLúcia
_c55
_dLúcia Elande
942 _2AGRIS
_n0
_cANA
999 _c197356
_d197356